Successful farm management (Record no. 24615)

MARC details
000 -LEADER
fixed length control field 00331nam a2200133Ia 4500
082 ## - DEWEY DECIMAL CLASSIFICATION NUMBER
Classification number 631.1
Item number MIL
100 ## - MAIN ENTRY--AUTHOR NAME
Personal name Miller, Audrey
245 #0 - TITLE STATEMENT
Title Successful farm management
260 ## - PUBLICATION, DISTRIBUTION, ETC. (IMPRINT)
Place of publication Australia
Name of publisher Pergamon
Year of publication 1973
650 ## - SUBJECT ADDED ENTRY--TOPICAL TERM
Topical Term Farm management
700 ## - ADDED ENTRY--PERSONAL NAME
Personal name Miller, Ron
942 ## - ADDED ENTRY ELEMENTS (KOHA)
Koha item type Books
Holdings
Withdrawn status Lost status Damaged status Not for loan Home library Current library Date acquired Cost, normal purchase price Full call number Accession Number Koha item type
        RRII Library RRII Library 16/12/2021 3.00 631.1 MIL 05292 Books